000 01693cam a2200133 4500500
005 20251214003816.0
041 _afre
042 _adc
100 1 0 _aBelot, Robert
_eauthor
245 0 0 _aTous républicains ! : Origine et modernité des valeurs républicaines
260 _bArmand Colin,
_c2011.
520 _aLa France vit un étrange paradoxe. Alors que jamais, peut-être, la convergence républicaine n’a été aussi apparente sur le plan rhétorique (de l’extrême droite à la gauche radicale), nous assistons au reflux des valeurs républicaines de liberté, d’égalité et de fraternité : abstention aux élections, remise en cause de la laïcité, mirages du post-modernisme néolibéral et mondialiste, repli individualiste et hédoniste, désinvestissement du collectif... L’anomie citoyenne et l’atonie politique se conjuguent pour créer une situation de menace pour ce consensus républicain apparent dont a témoigné le débat sur « l’identité nationale ». Ce livre tente de revenir sur cette innovation politique majeure qu’est la République. Il est issu d’un colloque qui s’est tenu à Belfort les 10-11 novembre 2010, à l’occasion des manifestations marquant le 130e anniversaire de la livraison du Lion, œuvre conçue par Auguste Bartholdi. Les meilleurs spécialistes de la question ont porté un regard historique sur la généalogie de nos institutions et de nos valeurs républicaines. Une histoire complexe, erratique, avec ses ombres et ses lumières, ses réussites et ses manquements, ses fragilités et sa durabilité.
856 4 1 _uhttps://shs.cairn.info/tous-republicains--9782200272821?lang=fr&redirect-ssocas=7080
999 _c1567995
_d1567995